000 00252nam a2200097Ia 4500
001 726467
005 20250826163429.0
008 250824s9999 xx 000 0 und d
245 0 _aAĞAÇTAN GELEN ÇOCUK
_cALİ ŞAÇIKARA
260 _bATLIKARINCA YAYINLARI
999 _c726467
_d726467